West End Girl - Lily Allen - Statistics

General Stats
  • This quiz has been taken 30 times
  • The average score is 12 of 14
Answer Stats
Track Answer % Correct
1 West End Girl
100%
11 Dallas Major
96%
5 Madeline
96%
4 Tennis
96%
7 Pussy Palace
92%
2 Ruminating
92%
3 Sleepwalking
92%
13 Let you W/In
88%
14 Fruityloop
84%
8 4chan Stan
72%
9 Nonmonogamummy
72%
6 Relapse
72%
10 Just Enough
68%
12 Beg For Me
52%
No matching quizzes found
Score Distribution
Percent of People with Each Score
Percentile by Number Answered
Your Score History
You have not taken this quiz